000 00217nam a2200085Ia 4500
008 170620s9999 xx 000 0 und d
100 _aMohan- Venkata
245 0 _aIndia`s foreign policy
260 _bNew Delhi- Neelkamal Pvt. Ltd.
260 _c2011
999 _c25366
_d25366